000 00567nam a2200169 a 4500
001 000005670
005 20200929151735.0
008 090821s1995 dr 000 0 spa d
040 _aDO-SdBNP
_bspa
_cBNPHU
082 _axxxx
_bR457e
100 1 _aReyes Sánchez, Miguel
_916027
245 1 0 _aEstudios jurídicos bancarios :
_by otros aportes de derecho de la integración económica e internacional público /
_cMiguel Reyes Sánchez.
260 _aSanto Domingo :
_b[s.n.],
_c1995.
300 _a173 p. ;
_c21 cm.
504 _aBibliografía : p.63-69
049 _aBNPD
999 _c5468
_d5468